000
00335 a2200157 4500
001
64141
020
_a
9788576657743
040
_c
Anchieta - Pituba
100
_a
Kirchner, Dan
240
1
0
_a
O diário de dan
_l
por
245
1
0
_a
O diário de dan
300
_a
204p.
362
0
_a
2012
650
4
_a
Literatura juvenil
942
_c
BK
999
_c
64141
_d
64141